| 000 -LEADER |
| fixed length control field |
00318nam a22001457a 4500 |
| 008 - FIXED-LENGTH DATA ELEMENTS--GENERAL INFORMATION |
| fixed length control field |
230913b ||||| |||| 00| 0 eng d |
| 020 ## - INTERNATIONAL STANDARD BOOK NUMBER |
| International Standard Book Number |
6512722 |
| 041 ## - LANGUAGE CODE |
| Language code of text/sound track or separate title |
eng |
| 080 ## - UNIVERSAL DECIMAL CLASSIFICATION NUMBER |
| Edition identifier |
VOLUME I |
| Universal Decimal Classification number |
521 |
| 082 ## - DEWEY DECIMAL CLASSIFICATION NUMBER |
| Classification number |
521URE |
| 100 ## - Rafti |
| Rafti |
19 |
| 101 ## - Shkurtesa |
| Shkurtesa |
ASTRO |
| 245 ## - TITLE STATEMENT |
| Title |
WANDERERS IN THE SKY |
| Statement of responsibility, etc |
UREY .C.H |
| 942 ## - ADDED ENTRY ELEMENTS (KOHA) |
| Source of classification or shelving scheme |
|
| Item type |
Books |